=LDR 00000nam 2200000 4500 =001 INLIS000000000049359 =005 20170213083525.0 =006 =007 =008 =020 ##$$a 978-602-7686-29-2 =035 ##$$0010-021700000000151 =040 ##$$a NBPDMAT =082 ##$$a 899 .211 830 1 =090 ##$$a 899 .211 830 1 Ibn s =100 ##$$a Ibnu Harmoza =245 ##$$a Senja di langit selatan : Antologi cerpen / $c Ibnu Haromain . =260 ##$$a Pringgabaya : $b Pusakanda, $c 2015 =300 ##$$a XVI, 167 hlm . ; $c 20 cm =500 ##$$a Biografi : hlm .163 - 166 =650 ##$$a Kmpulan Cerita Pendek